LEADER 00969nam0-22002891i-450- 001 990000633650403321 005 20001010 035 $a000063365 035 $aFED01000063365 035 $a(Aleph)000063365FED01 035 $a000063365 100 $a20001010d--------km-y0itay50------ba 101 0 $aita 105 $ay-------001yy 200 1 $aPRIMI RISULTATI TEORICI DI UNA RICERCA RELATIVA ALLA INSTABILITA'ELASTO-PLASTICO DI TELAI COSTITUITI DA PROFILATI DI ACCIAIO$fPAGANO M.,MORABITO G. 210 $aNapoli$cs.e.$d1965 610 0 $apubblicazioni di autori Italiani 700 1$aPagano,$bMichele$01538 702 1$aMorabito,$bGiovanni 801 0$aIT$bUNINA$gRICA$2UNIMARC 901 $aBK 912 $a990000633650403321 952 $a07 X/296$b$fDINSC 959 $aDINSC 996 $aPRIMI RISULTATI TEORICI DI UNA RICERCA RELATIVA ALLA INSTABILITA'ELASTO-PLASTICO DI TELAI COSTITUITI DA PROFILATI DI ACCIAIO$9315148 997 $aUNINA DB $aING01 LEADER 01403nam a2200325 i 4500 001 991000023829707536 005 20020509160741.0 008 980316s1993 it ||| | fre 020 $a8885239021 035 $ab11295946-39ule_inst 035 $aPARLA199984$9ExL 040 $aDip.to Filosofia$bita 082 0 $a189 082 0 $a189.4 110 2 $aIstituto italiano per gli studi filosofici$010817 245 10$aRationalisme analogique et humanisme theologique :$bla culture de Thomas de Vio Il Gaetano; acts du Colloque de Naples 1er-3 novembre 1990 /$créunis par Bruno Pinchard et Saverio Ricci 260 $aNapoli :$bVivarium,$c1993 300 $a393 p. ;$c22 cm. 490 0 $aBiblioteca europea ;$v2 500 $aIn testa al front.: Istituto per gli studi filosofici; Centre national recherche scientifique. 650 4$aDe_Vio, Tommaso$xCongressi$y1990 700 1 $aPinchard, Bruno$eauthor$4http://id.loc.gov/vocabulary/relators/aut$0269073 700 1 $aRicci, Saverio 710 2 $aCentre national recherche scientifique 907 $a.b11295946$b23-02-17$c01-07-02 912 $a991000023829707536 945 $aLE005 189 DEV01. ATTI. 01$g1$i2005000016325$lle005$o-$pE0.00$q-$rl$s- $t0$u1$v0$w1$x0$y.i11462826$z01-07-02 996 $aRationalisme analogique et humanisme theologique$91457433 997 $aUNISALENTO 998 $ale005$b01-01-98$cm$da $e-$ffre$git $h0$i1